Information Retrieval (Record no. 152893)

MARC details
000 -LEADER
fixed length control field 00744nam a22002057a 4500
005 - DATE AND TIME OF LATEST TRANSACTION
control field 20180807115758.0
010 ## - LCCN (DPL NO)
LC control number B-194391
020 ## - INTERNATIONAL STANDARD BOOK NUMBER
International Standard Book Number 8189526715
Terms of availability 695.00
035 ## - SYSTEM CONTROL NUMBER
System control number B-194391, B-194390
037 ## - SOURCE OF ACQUISITION
Stock number dpl
Source of stock number/acquisition Vista International Publishing House
082 ## - DEWEY DECIMAL CLASSIFICATION NUMBER
Classification number 025.524
100 ## - MAIN ENTRY--PERSONAL NAME
Personal name Goyal,P.K.
245 ## - TITLE STATEMENT
Title Information Retrieval
Statement of responsibility, etc Goyal,P.K.
260 ## - PUBLICATION, DISTRIBUTION, ETC. (IMPRINT)
Place of publication, distribution, etc Delhi
Name of publisher, distributor, etc Vista International Publishing House
Date of publication, distribution, etc 2005
270 ## - ADDRESS
Address V-196,Near Shiv Sadhna Mandir,C11,Yammuna Vihar,Delhi.
City Delhi
Postal code 110053
300 ## - PHYSICAL DESCRIPTION
Extent 290p.
Dimensions 22cm(hb)
500 ## - GENERAL NOTE
General note Index
942 ## - ADDED ENTRY ELEMENTS (KOHA)
Source of classification or shelving scheme Dewey Decimal Classification
Item type English Books
Classification part 025.524
Call number suffix GOY
Holdings
Withdrawn status Lost status Not for loan Collection code Home library Current library Date acquired Full call number Barcode Cost, replacement price Koha item type Source of acquisition Cost, normal purchase price
      Non-fiction Patel Nagar Patel Nagar 07/08/2018 025.524 GOY B-194390 695.00 English Books BPPD/PUB 695.00
      Non-fiction Sarojini Nagar Sarojini Nagar 23/06/2018 025.524 GOY B-194391 695.00 English Books    

© Delhi Public Library
Hit Counter
free hit counter